LoL Qui Rit Sort - Saison 3 - Statistiques

Statistiques générales
  • Ce quiz a été pris 180 fois
  • Le résultat moyen est 8 sur 10
Statistiques - réponses
Statut Indice Participants % Correct
Gagnant Acteur, Sauver ou Périr Pierre Niney
96%
2e Humoriste Paul Mirabel
87%
5e Acteur, Sentinelle Jonathan Cohen
84%
10e Acteur, Belge, Dikkenek François Damiens
80%
7e Humoriste, Actrice, Annick Laura Felpin
79%
3e Actrice, Tout ce qui brille Leïla Bekhti
75%
8e Actrice, Bac Nord Adèle Exarchopoulos
73%
4e Actrice, Tout ce qui brille Géraldine Nakache
73%
9e Acteur, Humoriste, Chouchou Gad Elmaleh
72%
6e Actrice, Belge, Revoir Paris Virginie Efira
72%
Aucun quiz correspondant
Distribution des résultats
% des personnes avec chaque résultat
Percentile par nombre de réponses
Votre historique - résultats
Vous n’avez pas pris ce quiz